000 00401nam a2200157Ia 4500
008 151213s9999 xx 000 0 und d
100 _aKhondoker Md. Abu Bakar
245 _aThe Limitation Act
_cKhondoker Md. Abu Bakar
250 _a1st
260 _aDhaka
_bLaw Book Center
_c1996
300 _a2883 p.
650 _aLaw
650 _aLaw
700 _aKhondoker Md. Abu Bakar
999 _c1976
_d1976